[Event "Katrineholm"]
[Site "Katrineholm"]
[Date "1999.05.11"]
[Round "1"]
[White "Lutz, Christopher"]
[Black "Gavrikov, Viktor"]
[Result "0-1"]
[WhiteElo "2610"]
[BlackElo "2532"]
[Annotator "Ftacnik,L"]
[PlyCount "124"]
[EventDate "1999.05.??"]
[EventType "tourn"]
[EventRounds "9"]
[EventCountry "SWE"]
[EventCategory "12"]
[SourceTitle "CBM 071"]
[Source "ChessBase"]
[SourceDate "1999.08.01"]
[SourceVersion "1"]
[SourceVersionDate "1999.08.01"]
[SourceQuality "1"]

1. e4 c5 2. Nf3 e6 3. d4 cxd4 4. Nxd4 Nf6 5. Nc3 d6 6. Be2 Be7 7. f4 Nc6 8. Be3
O-O 9. O-O e5 10. Nb3 exf4 11. Rxf4 Ne8 12. Qd2 Bf6 13. Rff1 (13. Rf2 Be5 (
13... Be6 14. Raf1 Be5 15. Nd5 Bxb2 16. c3 Ba3 17. Nd4 Bxd5 18. exd5 Ne5 19.
Ne6 Qe7 20. Nxf8 Kxf8 {0-1 Hernandez,G-Martens,M/Santiago/1990/ (52)}) 14. Bg5
Nf6 15. Raf1 Bxc3 16. Qxc3 Nxe4 17. Bxd8 Nxc3 18. bxc3 Nxd8 19. Rd1 Be6 20.
Rxd6 Rc8 {0-1 Geller,E-Andersson,U/London/1982/ (49)}) 13... Be6 (13... Be5 14.
Nd4 (14. Rad1 Qh4 15. Bf4 Nf6 16. Qe3 Ng4 17. Bxg4 Bxg4 18. Bxe5 dxe5 19. Rd2
Rad8 20. Nd5 f5 {Abramovic,B-Barbulescu,D/Skopje/1984/ (20)}) 14... Nf6 15. h3
Nxd4 (15... Be6 16. Rad1 a6 17. Nxc6 bxc6 18. Bd4 Qa5 19. Qe3 Bxd4 20. Rxd4 Qe5
21. Qd3 Rfd8 22. Rd1 Ne8 {1/2-1/2 Tiviakov,S-Sakaev,K/Kherson/1991/ (69)}) 16.
Bxd4 Be6 17. Rad1 Rc8 18. Kh1 (18. Qe3 Qa5 19. a3 Nd7 20. Kh1 a6 21. Rd2 Rc6
22. Nd5 Bxd5 23. Bxe5 Nxe5 24. Rxd5 Qb6 25. Qxb6 Rxb6 26. b3 {1/2-1/2 Thomas,
T-Thorbergsson,B/NAtlantic tt3 corr9092/1990/ (39)}) 18... Rxc3 19. Bxe5 Nxe4
20. Qe1 Rc5 21. Bf4 Re8 22. Bd3 Bc4 23. Qb4 a5 24. Qxc4 Rxc4 25. Bxc4 Qc7 26.
b3 Nf6 27. Bxd6 Qb6 28. Ba3 {1-0 Mortensen,E-Tisdall,J/Gausdal/1982/ (54)}) 14.
Rad1 Be5 15. Bf4 Nf6 16. Kh1 Kh8 {Putting the bishop in the center to e5 is a
great achievement for black, his weakest pawn d6 lost a good part of it's
vulnerability.} (16... Rc8 17. Bf3 (17. Qe3 Re8 18. Nb5 {Chiburdanidze,
M-Hawelko,M/Polanica Zdroj/1984/}) 17... Bc4 18. Rfe1 Nb4 19. Be3 Nc6 20. a4 a6
21. Nd4 Nxd4 22. Bxd4 Qc7 23. Qf2 b5 24. axb5 axb5 25. Rd2 b4 26. Nd1 Be6 27.
Ne3 {1/2-1/2 Psakhis,L-Razuvaev,Y/Sochi/1982/ (37)}) 17. Qe3 Qb6 18. Qg3 (18.
Qxb6 axb6 19. Bxe5 dxe5 20. a3 Rfd8 $11) 18... Rad8 19. Bxe5 dxe5 20. Bd3 Nb4
21. Nc1 (21. Qxe5 $6 Bxb3 $1 (21... Ng4 22. Qf4 Ne3 23. Na4 $1) 22. axb3 Ng4
23. Qb5 Ne3 24. Qxb6 axb6 $15) 21... Nd7 22. a3 Nc6 $6 {The bishop on d3 is
not a great piece at this moment, but later on he can come to life. Exchanging
him would secure black lasting advantage.} (22... Nxd3 $1 23. Nxd3 f6 $15) 23.
b4 Ne7 24. N1e2 a5 25. Rb1 (25. b5 Qc5 26. a4 f6 $13) 25... axb4 26. axb4 Qc6
27. h3 f6 28. Qe3 Ra8 29. Bb5 (29. Ra1 $11) 29... Qc7 30. Ra1 Nc6 31. Rab1 Ne7
32. Rfd1 (32. Ra1 $11) 32... Rfd8 33. Bd3 Qb6 34. Qxb6 (34. Qg3 Nb8 $15) 34...
Nxb6 35. Bb5 Kg8 36. Kg1 Kf7 37. Kf2 g6 38. g4 $2 {[%mdl 16] Lutz doesn't feel
the danger of fixing his pawns on white squares. Black is suddenly better.} (
38. Ra1 $11) 38... h5 $1 39. Kf3 (39. gxh5 gxh5 40. Kg2 Rg8+ 41. Kh2 f5 42.
exf5 Nxf5 $15) 39... Rh8 40. Kg3 g5 (40... hxg4 41. hxg4 f5 $5 42. Rh1 f4+ 43.
Kf3 Kf6 $17) 41. Rd6 (41. Rh1 Rh7 $17) 41... Nbc8 42. Rd3 (42. Rxe6 Kxe6 43.
Bc4+ Kd7 44. Bb5+ Kc7 $19) 42... hxg4 43. hxg4 Rh4 $1 {Winning the pawn, while
white has not achieved much on the queenside.} 44. Bd7 (44. Rd8 Bxg4 $19) 44...
Rxg4+ 45. Kf3 Rh4 46. Bxe6+ Kxe6 47. Nb5 Ra2 (47... f5 48. exf5+ (48. Nc7+ Kf6
49. Nxa8 fxe4+ 50. Kg2 exd3 51. cxd3 Nd5 $19) 48... Kxf5 49. Ng3+ Kg6 50. Rd7
$17) 48. Rd2 Kf7 49. Nec3 Ra6 50. Rd7 Rb6 51. Kg3 (51. Nd5 Rxb5 52. c4 Rxd5 53.
cxd5 Rf4+ 54. Ke3 f5 55. exf5 (55. d6 Ke6 56. Rxe7+ Nxe7 57. dxe7 Rxe4+ $19)
55... Nb6 56. Rxb7 Nbxd5+ $19) 51... Kg6 52. Kg2 Rg4+ 53. Kf3 Rf4+ 54. Ke2 (54.
Kg2 f5 $1) 54... f5 $1 {Opening the position serves many functions, white
pawns b4 and c2 will become more vulnerable. At the same time black can bring
his rook from b6 to the play via h6.} 55. exf5+ (55. Na7 Nxa7 56. Rxe7 Nc6 57.
exf5+ Kxf5 58. Rf7+ Kg6 $19) 55... Kxf5 56. Rd8 (56. Rf1 g4 $17) 56... Rh6 $1
57. Rf8+ Ke6 58. Rxf4 (58. Rd8 Rh2+ 59. Kd3 e4+ 60. Kc4 Ke5 $19) 58... gxf4 (
58... exf4 59. Rg1 Rg6 $17) 59. Rd1 (59. Kf3 Rh3+ 60. Kg2 Re3 $19) 59... Rh2+
60. Kd3 Kf5 61. Re1 (61. Na3 e4+ 62. Nxe4 Rh3+ 63. Kd4 Rxa3 $19) 61... Nc6 62.
Nd5 (62. Re4 Rh8 63. Ke2 Rd8 64. Kf3 Nd6 $19) 62... e4+ $1 (62... e4+ $1 63.
Rxe4 Rh3+ 64. Ne3+ Rxe3+ 65. Rxe3 fxe3 66. Kxe3 Nxb4 $19) 0-1

[Event "GER-ch 73th"]
[Site "Altenkirchen"]
[Date "2001.12.03"]
[Round "4"]
[White "Slobodjan, Roman"]
[Black "Tischbierek, Raj"]
[Result "1-0"]
[WhiteElo "2522"]
[BlackElo "2493"]
[Annotator "Ftacnik,L"]
[PlyCount "87"]
[EventDate "2001.11.30"]
[EventType "swiss"]
[EventRounds "9"]
[EventCountry "GER"]
[SourceTitle "CBM 087"]
[Source "ChessBase"]
[SourceDate "2002.03.21"]
[SourceVersion "1"]
[SourceVersionDate "2002.03.21"]
[SourceQuality "1"]

1. e4 c5 2. Nf3 Nc6 3. d4 cxd4 4. Nxd4 Nf6 5. Nc3 d6 6. Be2 e6 7. O-O Be7 8.
Be3 O-O 9. Kh1 Bd7 10. f4 Nxd4 11. Bxd4 Bc6 12. Qd3 b5 13. a3 Qb8 14. Qg3 a5
15. e5 dxe5 (15... Ne8 16. exd6 Bxd6 17. Bd3 $14) 16. Bxe5 (16. fxe5 Ne4 17.
Nxe4 Bxe4 $11) 16... Qb7 {Black has fair chances to equalize the game with his
queenside counterplay and lack of weaknesses around his king.} 17. f5 b4 (17...
Rad8 18. fxe6 fxe6 19. Bd3 $14) 18. axb4 axb4 19. Rxa8 Rxa8 (19... Qxa8 20. Nb5
$14) 20. Nd1 exf5 21. Rxf5 Kh8 (21... Ne8 22. Bc4 Bd5 23. Bd3 (23. Bxg7 Bxc4
24. Bd4+ Kf8 25. Qe5 f6 $19) 23... f6 24. Bd4 Nd6 $11) 22. Rf1 (22. Rg5 Rg8 23.
Bc4 Qd7 24. Ne3 Bd6 $1 $15) 22... Be4 (22... Bd6 $5 23. Bxd6 Ne4 24. Qf4 Nxd6
25. Qxd6 Bxg2+ 26. Kg1 Bxf1 27. Bxf1 Qe4 $13) 23. Ne3 (23. Bf3 Bxf3 24. Qxf3
Qxf3 25. Rxf3 $11) 23... Qd7 (23... Rd8 $11) 24. Bf3 $1 Bxf3 25. Qxf3 Ra5 26.
Rd1 (26. Qf4 $1 Qe8 27. Re1 $14) 26... Qe6 27. Bxf6 Bxf6 28. Nd5 (28. Qb7 h6
29. Qxb4 Ra2 30. Nc4 Qe2 31. Rg1 Qxc2 32. Qf8+ Kh7 33. Qxf7 Qb3 $11) 28... h6 (
28... Bxb2 29. Nxb4 $11) 29. Nxf6 Qxf6 (29... gxf6 30. Qf4 $16) 30. Qxf6 gxf6
31. Kg1 {[%mdl 4096] The endgame is sligthly better for white due to the
black's misserable kingside pawn structure.} (31. c4 Ra2 32. Rb1 Kg7 $11) 31...
Rc5 (31... Ra2 $1 32. Rb1 (32. b3 Rxc2 33. Rd4 Rc1+ 34. Kf2 Rc2+ $11) 32... Kg7
33. Kf2 f5 34. Ke3 Kf6 35. Kd4 Ra8 $11) 32. Rd2 (32. Rc1 Rd5 $132) 32... Kg7
33. Kf2 f5 34. Ke3 Rc4 $2 (34... Kf6 35. Kd4 Rc8 36. Re2 f4 37. c4 bxc3 38.
bxc3 $14) 35. Kd3 Rh4 36. g3 Rg4 37. Rf2 Kf6 38. c3 (38. Rf4 $142 $1 Rg8 39.
Rxb4 $18) 38... bxc3 (38... h5 39. Rf4 bxc3 40. Kxc3 Ke5 41. Rxg4 fxg4 42. b4
Kd5 43. Kd3 f6 44. b5 Kc5 45. Ke4 $18) 39. Kxc3 Ke5 40. b4 h5 41. Rf4 $1 {
With a free passed pawn white has great freedom in handling the position.} h4 (
41... Rg8 42. b5 Rb8 43. Kb4 $18) 42. Rxg4 fxg4 43. gxh4 f5 44. Kd3 1-0

[Event "FIDE-Wch"]
[Site "San Luis"]
[Date "2005.10.06"]
[Round "8"]
[White "Kasimdzhanov, Rustam"]
[Black "Morozevich, Alexander"]
[Result "0-1"]
[WhiteElo "2670"]
[BlackElo "2707"]
[Annotator "Ftacnik,L"]
[PlyCount "106"]
[EventDate "2005.09.28"]
[EventType "tourn"]
[EventRounds "14"]
[EventCountry "ARG"]
[EventCategory "20"]
[SourceTitle "CBM 110"]
[Source "ChessBase"]
[SourceDate "2006.01.31"]
[SourceVersion "1"]
[SourceVersionDate "2006.01.31"]
[SourceQuality "1"]

1. e4 c5 2. Nf3 e6 3. d4 cxd4 4. Nxd4 Nc6 5. Nc3 d6 6. Be2 Nf6 7. Be3 Be7 8.
O-O O-O 9. Kh1 Nxd4 10. Bxd4 e5 11. Be3 Be6 12. f4 exf4 13. Rxf4 (13. Bxf4 Qb6
14. Rb1 Rac8 (14... Qc5 15. Qd3 Nd7 16. Nd5 Bxd5 17. exd5 Bf6 18. b4 Qc7 19. c4
Be5 20. Bg5 b6 {0-1 Pogonina,N-Perun,S/Zeleny Shum 2000/ (50)}) 15. Bf3 Rfe8
16. Nd5 Nxd5 17. exd5 Bf5 18. c3 Bxb1 19. Qxb1 Bf6 {0-1 Shimasaki,T-Rodriguez
Cespedes,A/Caracas 1976/ (31)}) 13... a6 {The best defense in similar position
seems to be the idea of activating the dark squared bishop starting with 13...
Ne8.} (13... Nd7 14. Rf1 Ne5 15. Qd2 a6 16. a4 Rc8 17. Nd5 Bxd5 18. exd5 Bf6
19. Bd4 Bg5 20. Qd1 Re8 {1/2-1/2 Bueno Perez,L-Fernandez,C/Cienfuegos 1976/ 
(24)}) (13... Ne8 14. Bd4 Bg5 15. Rf1 Bf6 16. Bxf6 Nxf6 17. Qd4 Qe7 18. Rad1
Rfd8 19. Rd3 Ne8 {1/2-1/2 Onischuk,A-Leko,P/Tilburg 1997/ (59)}) 14. a4 Qa5 15.
Qd2 Rfc8 16. Rd1 Bd8 $5 {Morozevich insists on treating each opening scheme
with certain degree of originality. The transfer of the bishop to b6 has one
flaw of leaving the kingside more vulnerable.} 17. Rff1 (17. Qxd6 Bc7 $15)
17... Bb6 18. Bd4 $5 (18. Bg5 Rxc3 19. Bxf6 Re3 20. Bc3 Qxa4 21. Qxd6 Qc6 $11)
18... Bxd4 19. Qxd4 Rc6 $6 {This daring move is simply testing black's luck,
if was more sensible to retreat with the knight to e8.} (19... Ne8 $5) 20. Nd5
(20. Rxf6 gxf6 21. Nd5 Bxd5 22. exd5 Rxc2 23. Bd3 Rc7 24. Qh4 Qd2 25. Qxh7+ $14
) 20... Bxd5 21. exd5 Rcc8 (21... Rxc2 $6 22. Bd3 Rc7 23. Qh4 $1 h5 24. Rxf6
gxf6 25. Qxh5 $18) 22. Rxf6 gxf6 23. Bd3 Re8 $1 24. Qh4 (24. b4 Qc7 25. Rf1 Qe7
26. Qg4+ Kf8 27. Qh4 Qe5 $14) 24... Kf8 25. Rf1 $1 (25. Bxh7 $5) 25... Qxd5 26.
Qh6+ $6 {[%mdl 1024] Kasimdhanov is impatient and it will cost him his whole
advantage. Much better 26.Qxf6 kept the chance of attacking on both sides of
the board.} (26. Qxf6 Qe6 27. Qh8+ Ke7 28. Qd4 $16) 26... Ke7 27. Qxf6+ Kd7 28.
h3 h5 29. b4 {It was much more sensible to keep the pawn structure compact
with 29.b3, since after winning f7 pawn white could hardly have lost the
slightly inferior ending.} (29. b3 $11) 29... Re3 30. Rf5 Re5 (30... Rxh3+ $2
31. Kg1 $18) 31. Rxe5 $6 (31. Qxf7+ Qxf7 32. Rxf7+ Kc6 $15) 31... dxe5 32. Qf5+
$2 {The final mistake as white will win the h5 pawn under unfavourable
circumstances.} (32. Bf5+ Kc7 33. c4 Qd1+ 34. Kh2 Qd4 35. Qxf7+ Kb6 $15) 32...
Qe6 33. Qxh5 e4 $1 34. Be2 Rf8 35. b5 f5 $1 {The crucial move as now black
king will be safe again as the white bishop became the much diminished piece.}
36. bxa6 bxa6 37. Qh7+ Qf7 38. Qh6 Qf6 39. Qh7+ Rf7 40. Qg8 Ke7 41. Bc4 Rf8 42.
Qh7+ Kd6 43. Qb7 Qa1+ 44. Kh2 Qe5+ 45. Kh1 a5 46. Qb6+ Ke7 47. Qb7+ Kf6 48.
Qb6+ Kg7 49. Qb7+ Kh6 50. Qb6+ Rf6 51. Qd8 Rd6 52. Qf8+ Kg5 53. Be2 Kf4 $1 {
The final blow as the black king will help to close the mating net.} (53... Kf4
$1 54. Qf7 Ke3 $19) 0-1

[Event "Harplinge"]
[Site "Harplinge"]
[Date "1998.08.21"]
[Round "7"]
[White "Schmaltz, Roland"]
[Black "Hansen, Curt"]
[Result "0-1"]
[WhiteElo "2520"]
[BlackElo "2610"]
[Annotator "Ftacnik,L"]
[PlyCount "54"]
[EventDate "1998.08.15"]
[EventType "tourn"]
[EventRounds "9"]
[EventCountry "SWE"]
[EventCategory "12"]
[SourceTitle "CBM 067"]
[Source "ChessBase"]
[SourceDate "1998.11.30"]
[SourceVersion "2"]
[SourceVersionDate "1998.11.01"]
[SourceQuality "1"]

1. e4 c5 2. Nf3 e6 3. d4 cxd4 4. Nxd4 Nc6 5. Nc3 d6 6. Be2 Nf6 7. O-O Be7 8.
Be3 O-O 9. f4 Bd7 10. Nb3 Qc7 11. g4 d5 $1 12. exd5 $6 {Black correctly
countered with the blow in the center, but white had to keep the position bit
more closed. White king will become vulnerable for no compensation.} (12. e5
Ne4 (12... Ne8 13. Nb5 Qc8 14. Bd3 f6 15. exf6 Nxf6 16. g5 Ne4 17. Nc3 Nb4 18.
Nxe4 Nxd3 19. cxd3 dxe4 20. Rc1 Bc6 21. dxe4 e5 22. f5 Qd8 23. Rxc6 Qxd1 24.
Rxd1 bxc6 25. Kf2 {Spassky,B-Beliavsky,A/Moscow/1975/1-0 (57)}) 13. Nxe4 (13.
Nb5 Qb8 (13... Qd8 14. N5d4 f6 15. exf6 Bxf6 16. g5 Be7 17. Bg4 Nxd4 18. Nxd4
Bc5 19. Qd3 e5 20. Ne6 Bxe6 21. Bxe6+ Kh8 22. Kh1 Bxe3 23. Qxe3 exf4 24. Rxf4
Qd6 {0-1 Roser,K-Renet,O/FRA-chT/1998/ (58)}) 14. c4 a6 15. Nc3 Nxc3 16. bxc3
dxc4 17. Nd2 Qc7 18. Nxc4 b5 19. Nb6 Rad8 20. Qe1 Na5 {0-1 Conquest,S-Kochyev,
A/Copenhagen op/1990/ (40)}) 13... dxe4 14. c3 Rfd8 15. Qb1 Na5 16. Qxe4 Nxb3
17. axb3 Bc6 18. Qc2 {Tseshkovsky,V-Jansa,V/Sochi/1974/1-0 (73)}) 12... Nxd5
13. Nxd5 exd5 14. Qd2 (14. Qxd5 Nb4 15. Qd2 Rad8 16. Nd4 Nd5 $44) 14... Rfe8
15. Rae1 $6 {The idea behind this move is basically correct, but black can
refute it with a fine tactical blow.} (15. c3 Rad8 $11) 15... Bh4 $1 16. Bf2 (
16. Rd1 Nb4 17. c3 Nc2 18. Bc5 Ba4 19. Bxa7 Rxa7 20. Qxc2 Qb6+ 21. Kg2 Bc6 22.
Bd3 h5 $17) 16... Bxf2+ 17. Rxf2 Rad8 18. Ref1 (18. Qxd5 $2 Bxg4 19. Qg5 Bxe2
$17) 18... Qb6 19. Kh1 (19. c3 Re4 20. Bf3 Ra4 $15) 19... d4 $1 {[%mdl 32]
This powerful pawn illustrates black's strategical advantage. The diagonal
a8-h1 is open, Pd4 greatly limits white pieces and all attacker forces are
perfectly centralized for an attack.} 20. Bf3 Re3 21. h3 (21. Rd1 $2 Rxf3 $1
22. Rxf3 Bxg4 $17) 21... Be6 22. Kh2 (22. Rd1 Bxb3 23. axb3 d3 24. Kg2 Nb4 25.
c3 Nc2 26. b4 Rde8 $19) 22... Bc4 23. Rd1 d3 24. Bxc6 (24. cxd3 Rdxd3 25. Qc2
Bxb3 26. axb3 Rxf3 $19) 24... bxc6 25. Nc1 h5 $1 26. cxd3 (26. g5 Be6 27. f5
Qc7+ 28. Kg1 Rg3+ 29. Kf1 Rxh3 $19) 26... Rexd3 27. Nxd3 Rxd3 (27... Rxd3 28.
Qc2 Rxd1 $19) 0-1

[Event "POL-ch 63rd"]
[Site "Krakow"]
[Date "2006.03.02"]
[Round "6"]
[White "Heberla, Bartlomiej"]
[Black "Markowski, Tomasz"]
[Result "1-0"]
[WhiteElo "2487"]
[BlackElo "2565"]
[Annotator "Ftacnik,L"]
[PlyCount "67"]
[EventDate "2006.02.25"]
[EventType "tourn"]
[EventRounds "13"]
[EventCountry "POL"]
[EventCategory "12"]
[SourceTitle "CBM 112"]
[Source "ChessBase"]
[SourceDate "2006.06.07"]
[SourceVersion "1"]
[SourceVersionDate "2006.06.07"]
[SourceQuality "1"]

1. e4 d6 2. f4 Nf6 3. Nc3 c5 4. Nf3 e6 5. d4 cxd4 6. Nxd4 Be7 7. Be2 O-O 8. O-O
Nc6 9. Be3 e5 10. Nb3 a5 11. a4 Nb4 12. Qd2 Qc7 {The old fashioned line with
black knight on b4 offers black very promissing control of the center.} (12...
Be6 13. Kh1 exf4 14. Bxf4 d5 15. e5 Ne4 16. Nxe4 dxe4 17. Nd4 Bc5 18. Nxe6 Qxd2
19. Bxd2 fxe6 20. Bxb4 {1/2 Spraggett,K (2540)-Dzindzichashvili,R (2560)/
Manila 1990/}) (12... Bd7 13. fxe5 dxe5 14. Rad1 Qc7 15. Bg5 Be6 16. Bxf6 Bxf6
17. Rxf6 gxf6 18. Rf1 Kh8 19. Rxf6 Rg8 20. Qh6 Nxc2 21. Nd2 Qb6+ 22. Kh1 Qxb2 {
0-1 Prilleltensky,M-Martin del Campo,R (2421)/Dos Hermanas 2003/ (26)}) 13. Bf3
(13. f5 Rd8 14. Bf3 d5 15. exd5 Bxf5 16. Bd1 Be6 17. Qf2 Nbxd5 18. Nxd5 Nxd5
19. Bc5 b6 20. Bxe7 Nxe7 21. Bf3 Rac8 {0-1 Roever,L (1952)-Schaffarczyk,A 
(2111)/Werther 2002/ (31)}) 13... Be6 14. Rad1 (14. f5 Bc4 15. Rfd1 Qc6 16. Qf2
h5 $11) 14... Rfc8 {[%mdl 4] Markowski is concentrating all his forces on the
queenside, since white has no kingside attack.} (14... Ng4 15. Bxg4 Bxg4 16.
Rc1 Qc6 17. f5 f6 $11) 15. Qf2 (15. f5 Bc4 16. Rfe1 d5 17. exd5 Rd8 18. Qf2
Nfxd5 19. Nxd5 Nxd5 20. Bxd5 Rxd5 21. Rxd5 Bxd5 22. Bb6 Qc6 $11) 15... Ra6 (
15... exf4 $6 16. Bxf4 Ng4 17. Bxg4 Bxg4 18. Rd2 $16) 16. fxe5 dxe5 17. Nc5 {
Haberla deserves praise for the ambition to break enemy´s position, but black
is unlikely to suffer with such a mass of pieces.} (17. Rd2 h5 $13) 17... Bxc5
(17... Rc6 18. Nxe6 Rxe6 19. Rd2 (19. Bg4 $6 Nxc2 $1 20. Bxe6 Nxe3 21. Bxc8 $2
(21. Nb5 Nxd1 22. Nxc7 Nxf2 23. Bxc8 Bc5 24. g3 N2xe4+ 25. Kg2 Nd6 26. Bh3 $15)
21... Bc5 $17) 19... Rd6 20. Rxd6 Qxd6 21. Rd1 $14) 18. Bxc5 h6 (18... Bc4 $5
19. Nb5 (19. Rfe1 $2 Nxc2 $1 20. Qxc2 Qxc5+ $17) 19... Bxb5 20. axb5 Re6 21.
Be3 Qxc2 22. Rd2 Qc7 $15) (18... Nxc2 $2 19. Nb5 Qb8 20. Bd6 Rxd6 21. Nxd6 Rc6
22. Nb5 $16) 19. Be3 Ng4 20. Bxg4 Bxg4 21. Rd2 Qe7 22. h3 (22. Bb6 Qe6 23. Bc5
Qc4 24. Be7 $14) 22... Be6 $6 {The defender is ommiting the swap the pair of
rooks with solution to most problems.} (22... Rf6 $1 23. Qg3 Rxf1+ 24. Kxf1 Bh5
25. Kg1 Qe6 $11) 23. Rfd1 Rac6 (23... Kh7 24. Nd5 Nxd5 25. exd5 Bd7 26. d6 Qe6
27. Rd5 Kg8 (27... Bxa4 $2 28. d7 Rd8 29. Qh4 Rxd7 30. Qxa4 Rxd5 31. Qe4+ $18)
28. Bb6 e4 29. b3 $14) 24. Bb6 $1 Bxh3 $2 {Black is suddenly changing the flow
of the game, but his immediate attack will not bear fruits.} (24... Rc4 25.
Bxa5 Nc6 26. Bb6 Qb4 27. Nb5 Rxe4 28. Nd6 Rf4 29. Qc5 $16) 25. gxh3 Qe6 26.
Bxa5 Qxh3 27. Rd6 $1 {White prevents the activisation of the enemy´s rook and
quickly decides the endgame.} (27. Qh2 Rg6+ 28. Rg2 Qe3+ 29. Kh1 Nc6 30. Rxg6
fxg6 31. Qg2 Nxa5 32. Nd5 Qc5 33. b4 Qxc2 34. Ne7+ $18) 27... Qg4+ 28. Qg2
Qxg2+ 29. Kxg2 Nxc2 30. Bb6 Kf8 (30... Rxb6 31. Rxb6 Ne3+ 32. Kf3 Nxd1 33. Nxd1
Rc7 34. Nc3 $18) (30... Na3 31. Rxc6 Rxc6 32. Bf2 Nc4 33. b4 $18) 31. Rxc6 Rxc6
(31... bxc6 32. a5 $18) 32. Rd8+ Ke7 33. Rb8 $1 {Haberla cleverly grabs the b7
pawn, the game is over.} Rg6+ (33... Rxb6 34. Nd5+ Kd6 35. Nxb6 Kc7 36. Rc8+
$18) 34. Kf2 1-0

[Event "Merida"]
[Site "Merida"]
[Date "2000.06.14"]
[Round "2"]
[White "Hernandez Guerrero, Gilberto Eduardo"]
[Black "Akopian, Vladimir Eduardovic"]
[Result "0-1"]
[WhiteElo "2560"]
[BlackElo "2660"]
[Annotator "Ftacnik,L"]
[PlyCount "82"]
[EventDate "2000.06.13"]
[EventType "tourn"]
[EventRounds "6"]
[EventCountry "MEX"]
[EventCategory "17"]
[SourceTitle "CBM 078"]
[Source "ChessBase"]
[SourceDate "2000.10.18"]
[SourceVersion "1"]
[SourceVersionDate "2000.10.18"]
[SourceQuality "1"]

1. e4 c5 2. Nc3 Nc6 3. Nf3 d6 4. d4 cxd4 5. Nxd4 e6 6. Be2 Nf6 7. O-O Be7 8.
Be3 O-O 9. f4 a6 10. Kh1 Bd7 11. Qe1 Nxd4 12. Bxd4 Bc6 13. Qg3 b5 14. a3 Qd7
15. Bd3 a5 16. Rae1 b4 17. Nd1 Bb5 (17... bxa3 $5 18. bxa3 Bb5 $13) 18. Nf2 (
18. axb4 Bxd3 19. cxd3 axb4 20. Ne3 Ra2 $11) 18... Bxd3 19. Nxd3 $6 {Hernandez
stretches his ambitions too far, the pawn structure will simply be too
compromised. It was still fine to support the center with the natural move 19.
cxd3.} (19. cxd3 bxa3 20. bxa3 Qa4 21. Bb2 Rab8 22. Re2 Rb6 $13) 19... bxa3 20.
bxa3 Qa4 21. c3 (21. Bb2 Rac8 $15) 21... Qxa3 22. Ra1 (22. e5 dxe5 23. fxe5 Nd5
$17) 22... Qb3 23. Rfb1 Qc4 24. Rb7 Bd8 (24... Nh5 25. Qg4 Bf6 26. Ne5 dxe5 27.
fxe5 Bd8 28. Qxh5 a4 $17) (24... Rfe8 $2 25. Rxe7 Rxe7 26. Bxf6 $18) 25. e5 (
25. Nf2 a4 26. Ng4 Nxg4 27. Qxg4 g6 $17) 25... Ne4 (25... dxe5 26. Nxe5 Qd5 27.
Rab1 $36) 26. Qe3 Qc6 (26... Nxc3 27. Rc1 Qd5 28. Rd7 Nb5 29. Bb2 Bh4 $19) 27.
Rab1 {Despite all the activity white's position is pretty rotten. Black has
dangerous free pawn and his weaknesses are hard to spot.} (27. Rb2 d5 $17)
27... Nxc3 (27... d5 28. Nc5 Nxc5 29. Bxc5 Re8 $17) 28. Bxc3 (28. Qc1 Rc8)
28... Qxc3 29. Qc1 $2 (29. exd6 Bf6) 29... Rc8 (29... Qxd3 30. R7b3 Qa6 $19)
30. exd6 g6 31. Qd1 (31. Qe3 Bf6 $17) 31... Qd4 32. Ne5 (32. Rd7 Bf6 $19) 32...
Qxf4 33. Nd7 Re8 34. Nb8 (34. Nf6+ Bxf6 35. d7 Ra8 36. dxe8=Q+ Rxe8 37. Qd7 Rf8
$19) 34... Rc3 35. h3 (35. d7 Rf8 $19) 35... Bf6 36. Nd7 Bd4 37. Qa4 $2 {
The final mistake is of lesser importance as black has achieved complete
domination in the center.} (37. Rc7 Rd8 $19) 37... Rc1+ 38. Rxc1 Qxc1+ 39. Kh2
Qf4+ 40. Kh1 Qf1+ 41. Kh2 Bg1+ 0-1